| 000 | 00000nam##2200000za#4500 |
| 001 | 9.615340 |
| 003 | CaOODSP |
| 005 | 20200514165622 |
| 007 | ta |
| 008 | 150406|2000||||xxc||||| f|0| 0 eng|d |
| 020 | |a0-662-30086-6 |
| 040 | |aCaOODSP|beng |
| 043 | |an-cn--- |
| 086 | 1 |aNH18-23/50-2E |
| 110 | 2 |aCanada Mortgage and Housing Corporation. |
| 245 | 10|aGreenhouse gas emissions from urban travel : |btool for evaluating neighbourhood sustainability |
| 260 | |aOttawa - Ontario : |bCanada Mortgage and Housing Corporation |c2000. |
| 300 | |a4p. ; |c28 cm. |
| 490 | 1 |aResearch highlight. Socio-economic series|v50-2 |
| 563 | |aPamphlet |
| 590 | |a00-42|b2000-10-20 |
| 690 | 07|aAir pollution|2gcpds |
| 690 | 07|aFuels|2gcpds |
| 690 | 07|aUrban transit|2gcpds |
| 775 | 08|tÉmissions de gaz à effet de serre du transport urbain : |w(CaOODSP)9.625440 |
| 776 | 0#|tGreenhouse gas emissions from urban travel : |w(CaOODSP)9.571720 |
| 830 | #0|aResearch highlight. Socio-economic series ;|v50-2|w(CaOODSP)9.514827 |
| 986 | |aNHA 2266 |